000 00306nam a22001337a 4500
008 210302b ||||| |||| 00| 0 eng d
020 _a2900205391577
041 _aeng
080 _23th
_a159.9
100 _a48
101 _aPSI
245 _aDevelopmen Through the Lifespan
_cBerk,E.L
942 _2udc
_cBK
999 _c55461
_d55461